<?xml version="1.0" encoding="UTF-8"?>
<collection xmlns="http://www.loc.gov/MARC21/slim">
 <record>
  <leader>01596nam a2200349 a 4500</leader>
  <controlfield tag="001">12389980</controlfield>
  <controlfield tag="003">BD-DhAAL</controlfield>
  <controlfield tag="008">091010s1999    at a          001 0 eng d</controlfield>
  <datafield tag="999" ind1=" " ind2=" ">
   <subfield code="c">4635</subfield>
   <subfield code="d">4635</subfield>
  </datafield>
  <datafield tag="010" ind1=" " ind2=" ">
   <subfield code="a">  2001339504</subfield>
  </datafield>
  <datafield tag="020" ind1=" " ind2=" ">
   <subfield code="a">9840514725</subfield>
  </datafield>
  <datafield tag="020" ind1=" " ind2=" ">
   <subfield code="a">9789840514725</subfield>
  </datafield>
  <datafield tag="020" ind1=" " ind2=" ">
   <subfield code="a">0958580537</subfield>
  </datafield>
  <datafield tag="040" ind1=" " ind2=" ">
   <subfield code="a">VSL</subfield>
   <subfield code="b">eng</subfield>
   <subfield code="c">VSL</subfield>
   <subfield code="d">ANL</subfield>
   <subfield code="d">DLC</subfield>
   <subfield code="d">BD-DhAAL</subfield>
  </datafield>
  <datafield tag="082" ind1="0" ind2="0">
   <subfield code="a">365.450954</subfield>
   <subfield code="2">21</subfield>
  </datafield>
  <datafield tag="100" ind1="1" ind2=" ">
   <subfield code="a">Bedi, Kiran,</subfield>
   <subfield code="d">1949-</subfield>
   <subfield code="9">36898</subfield>
  </datafield>
  <datafield tag="245" ind1="1" ind2="0">
   <subfield code="a">It's always possible :</subfield>
   <subfield code="b">transforming one of the largest prisons in the world /</subfield>
   <subfield code="c">Kiran Bedi.</subfield>
  </datafield>
  <datafield tag="260" ind1=" " ind2=" ">
   <subfield code="a">Briar Hill, Vic. :</subfield>
   <subfield code="b">Indra Publishing ;</subfield>
   <subfield code="a">Dhaka :</subfield>
   <subfield code="b">University Press, </subfield>
   <subfield code="c">1999.</subfield>
  </datafield>
  <datafield tag="300" ind1=" " ind2=" ">
   <subfield code="a">xvi, 400 pages :</subfield>
   <subfield code="b">illustrations ;</subfield>
   <subfield code="c">23 cm.</subfield>
  </datafield>
  <datafield tag="504" ind1=" " ind2=" ">
   <subfield code="a">Includes index.</subfield>
  </datafield>
  <datafield tag="520" ind1=" " ind2=" ">
   <subfield code="a">With reference to Tihar Central Jail, New Delhi, India.</subfield>
  </datafield>
  <datafield tag="526" ind1=" " ind2=" ">
   <subfield code="a">BIED</subfield>
  </datafield>
  <datafield tag="541" ind1="1" ind2=" ">
   <subfield code="a">Complimentary copy from BIED</subfield>
   <subfield code="e">00008319, 36253</subfield>
  </datafield>
  <datafield tag="610" ind1="2" ind2="0">
   <subfield code="a">Tihar Central Jail (New Delhi, India)</subfield>
   <subfield code="9">36899</subfield>
  </datafield>
  <datafield tag="650" ind1=" " ind2="0">
   <subfield code="a">Prisons</subfield>
   <subfield code="z">India</subfield>
   <subfield code="z">New Delhi.</subfield>
   <subfield code="9">36900</subfield>
  </datafield>
  <datafield tag="650" ind1=" " ind2="0">
   <subfield code="a">Prison wardens</subfield>
   <subfield code="z">India</subfield>
   <subfield code="z">New Delhi.</subfield>
   <subfield code="9">36901</subfield>
  </datafield>
  <datafield tag="650" ind1=" " ind2="0">
   <subfield code="a">Prison reformers</subfield>
   <subfield code="z">India</subfield>
   <subfield code="z">New Delhi.</subfield>
   <subfield code="9">36902</subfield>
  </datafield>
  <datafield tag="650" ind1=" " ind2="0">
   <subfield code="a">Social science</subfield>
   <subfield code="9">36903</subfield>
  </datafield>
  <datafield tag="852" ind1="4" ind2=" ">
   <subfield code="a">Ayesha Abed Library</subfield>
   <subfield code="j">General shelf </subfield>
  </datafield>
  <datafield tag="942" ind1=" " ind2=" ">
   <subfield code="2">ddc</subfield>
   <subfield code="c">BK</subfield>
  </datafield>
  <datafield tag="952" ind1=" " ind2=" ">
   <subfield code="0">0</subfield>
   <subfield code="1">0</subfield>
   <subfield code="2">ddc</subfield>
   <subfield code="4">0</subfield>
   <subfield code="6">365_450954000000000_BED_1999</subfield>
   <subfield code="7">0</subfield>
   <subfield code="9">4420</subfield>
   <subfield code="a">BRACUL</subfield>
   <subfield code="b">BRACUL</subfield>
   <subfield code="c">GEN</subfield>
   <subfield code="d">2009-10-18</subfield>
   <subfield code="g">500.00</subfield>
   <subfield code="l">1</subfield>
   <subfield code="m">17</subfield>
   <subfield code="o">365.450954 BED</subfield>
   <subfield code="p">3010008319</subfield>
   <subfield code="r">2022-06-28</subfield>
   <subfield code="s">2020-01-21</subfield>
   <subfield code="t">1</subfield>
   <subfield code="v">1000.00</subfield>
   <subfield code="w">2009-10-18</subfield>
   <subfield code="y">BK</subfield>
  </datafield>
  <datafield tag="952" ind1=" " ind2=" ">
   <subfield code="0">0</subfield>
   <subfield code="1">0</subfield>
   <subfield code="2">ddc</subfield>
   <subfield code="4">0</subfield>
   <subfield code="6">365_450954000000000_BED</subfield>
   <subfield code="7">0</subfield>
   <subfield code="9">67095</subfield>
   <subfield code="a">BRACUL</subfield>
   <subfield code="b">BRACUL</subfield>
   <subfield code="c">GEN</subfield>
   <subfield code="d">2019-11-07</subfield>
   <subfield code="e">Complimentary copy from BIED</subfield>
   <subfield code="l">0</subfield>
   <subfield code="o">365.450954 BED</subfield>
   <subfield code="p">3010036253</subfield>
   <subfield code="r">2019-11-07</subfield>
   <subfield code="t">2</subfield>
   <subfield code="w">2019-11-07</subfield>
   <subfield code="y">BK</subfield>
   <subfield code="x">Transferred from BIED to General Stacks</subfield>
  </datafield>
 </record>
</collection>
